Memorias de la Academia Ecuatoriana correspondiente de la Real Española

Podrobná bibliografie
Korporativní autor: Academia Ecuatoriana de la Lengua
Médium: Seriál
Jazyk:Spanish
Témata:

MARC

LEADER 00000cas a2200000 a 4500
003 Ucuenca
005 20230308225656.0
008 006091|2003 ec |||||r|||||||||||spa||
022 |a 9978-43-487-9 
040 |b spa 
041 1 |a spa 
082 0 |a 405  |b A168m 
110 2 |a Academia Ecuatoriana de la Lengua.  |9 103751 
245 |a Memorias de la Academia Ecuatoriana correspondiente de la Real Española  |c Academia Ecuatoriana de la Lengua  |h imp 
264 |a Quito  |b Academia Ecuatoriana de la Lengua  |c 2003 
300 |a 266 páginas:  |c 21 cm 
362 |a vol. I, no. 64 y 65 (2003) 
504 |a incl. ref. 
650 1 |a Memorias de la academia ecuatoriana  |9 7308 
852 |a UC-CDJBV 
942 |c SER 
999 |c 153566  |d 153566